Retos jurd̕ico-polt̕icos de las funciones parlamentarias...

Detalles Bibliográficos
Autor principal: Alonso Garca̕, Mara̕ Nieves
Formato: eBook
Lenguaje:español
Publicado: Madrid: Dykinson, 2019
Materias:
Acceso en línea:Acceso restringido

MARC

LEADER 00000nam a22000007a 4500
005 20190829002022.0
007 cr|||| |||
008 190829s2019 es |||||s|||| 00||0 spa d
020 |a 978-84-1324-256-9 
035 |a 24708 
040 |a vLex 
090 |c 9313  |d 9313 
100 1 |a Alonso Garca̕, Mara̕ Nieves 
245 1 0 |a Retos jurd̕ico-polt̕icos de las funciones parlamentarias...  |h [Recurso electrn̤ico] /  |c Mara̕ Nieves Alonso Garca̕ 
256 |a Servicio en ln̕ea 
260 |a Madrid:  |b Dykinson,  |c 2019 
300 |a 1 recurso electrn̤ico 
500 |a y los novedosos instrumentos de participacin̤ en la democracia del siglo XXI. La democracia constitucional solo puede articularse a travš de la representacin̤, nada impide, sin embargo, que sea complementada, aunque nunca sustituida, con algunas instituciones de democracia directa o participativa, como excepcin̤ a la regla general de la democracia representativa. La profunda crisis econm̤ica y la consecuente puesta en peligro de algunos de los logros del Estado de bienestar son el caldo de cultivo perfecto para aumentar la distancia entre los ciudadanos y el poder polt̕ico. Por ende, la institucin̤ parlamentaria constituye el eje medular alrededor del cual gira la ±crisis de la representacin̤». En aras a abordar dichas consideraciones, esta monografa̕ se inicia con una rigurosa reflexin̤ sobre la crisis de la representacin̤. En el marco del cuestionamiento que rodea a la representatividad del Parlamento incide, de manera notable, la preponderancia que ha adquirido el Ejecutivo frente al Legislativo, que ha acumulado funciones y tareas de las que desposee al poder legislativo, como si el monopolio de la polt̕ica terminara uniendo los poderes que tanto cost ̤separar. Asimismo, se plantea el carc̀ter irrenunciable de la democracia representativa y su articulacin̤ en torno a la institucin̤ del Parlamento de manera que se analiza minuciosamente las funciones parlamentarias, afrontǹdose la necesidad de adecuar las tareas que tradicionalmente se le han atribuido (legislar, controlar y aprobar los presupuestos) a un contexto actual en el que se exige la acomodacin̤ de las mismas a los retos y demandas de los ciudadanos en la sociedad digital. Igualmente, se propone la introduccin̤ de modernas atribuciones, bien ancilares de las anteriores, como la incorporacin̤ de las TIC a la potenciacin̤ de la participacin̤, o, funciones ex novo, como la funcin̤ integradora y la pedagg̤ica. Como colofn̤, se emprende el estudio de los mecanismos de participacin̤ vigentes en el ordenamiento jurd̕ico espaǫl a fin de plantear una sugestiva reflexin̤, crt̕ica y razonada, acerca de la introduccin̤ de eventuales reformas legislativas para asegurar una participacin̤ de los ciudadanos, viable y compatible, en una democracia esencialmente representativa. En esta ln̕ea, se hacen propuestas de lege ferenda relativas a los principales problemas a los que se enfrenta nuestro pas̕ y circunscritas a la incorporacin̤ de nuevas va̕s de participacin̤ conciliables con la democracia representativa fundamentalmente vinculadas con la Revolucin̤ Digital, la reforma de los instrumentos de participacin̤ previstos en la Constitucin̤ Espaǫla y la integracin̤ de mecanismos trasladados desde el derecho comparado como las Convenciones Constitucionales. 
506 1 |a Disponible solo en los productos indicados  |d vLex Global  |d vLex Global (Academic Edition, excluding Law Schools)  |d vLex Global (U.S. Academic Edition, Law Schools)  |d vLex Global (U.S. Academic Edition, excluding Law Schools)  |d vLex Global (Academic Edition, Law Schools) 
650 0 4 |a Derecho Constitucional  |z Espaą 
740 0 |a vLex Libros (Servicio en ln̕ea) 
856 4 0 |u http://vlex.com/source/retos-juridico-politicos-de-las-funciones-parlamentarias--24708  |z Acceso restringido 
942 |c BOOK 
999 0 |a Constitutional right